00443nam a2200157 a 45000010005000000030009000050080041000140400028000550820016000831000021000992450061001202600045001813000010002264900025002366500024002614662CO-ViMGA141112s2004 ck r 000 u spa d aCO-ViMGAbspacCO-ViMGA04a362.73 C4741 aCirillo, Stefano10aNiños maltratados : bdiagnóstico y terapia familiar aBarcelona : bEdiciones Paidós, c1994 a171 p aTerapia familiar, 3814aNIÑOS MALTRATADOS